Statistics for Biggest Cities in Libya

Click here to take the quiz!

General Stats

  • This quiz has been taken 57 times
  • The average score is 4 of 10

Answer Stats

Population City % Correct
1,126,000Tripoli
100%
700,000Benghazi
91%
500,000Misrata
57%
120,000Tobruk
49%
128,000Sirte
34%
130,000Sabha
32%
250,000Bayda
19%
200,000Zawiya
13%
134,000Ajdabiya
13%
201,943Al Khums
11%

Score Distribution

Percentile by Number Answered

Percent of People with Each Score

Your Score History

You have not taken this quiz